000
00330nam a22001457a 4500
008
210305b ||||| |||| 00| 0 eng d
020
_a
1894891074
041
_a
eng
080
_2
1st
_a
621
082
_a
621
100
_a
26
101
_a
MEK
245
_a
Agile System Requirements Engineering
_c
Frantzen, T
942
_2
udc
_c
BK
999
_c
55794
_d
55794